[Event "33rd ChessOrg Open"]
[Site "masterchessopen.com Bad Woerishofen GER"]
[Date "2017.03.14"]
[Round "5.2"]
[White "Kveinys,A"]
[Black "Englert,F"]
[Result "1-0"]
[WhiteElo "2509"]
[BlackElo "2377"]

1.e4 c6 2.d4 d5 3.Nd2 dxe4 4.Nxe4 Bf5 5.Ng3 Bg6 6.h4 h6 7.Nf3 e6 8.h5 Bh7
9.Bd3 Bxd3 10.Qxd3 Nf6 11.Bd2 Be7 12.O-O-O O-O 13.Qe2 c5 14.dxc5 Qc7 15.Ne4
Nxe4 16.Qxe4 Nd7 17.Bc3 Nf6 18.Qe5 Rfc8 19.g4 Qxe5 20.Nxe5 Ne4 21.Be1 Bg5+
22.Kb1 Rxc5 23.Nd3 Rd5 24.f3 Nc5 25.Nf2 Rad8 26.Rxd5 Rxd5 27.Bb4 Be3 28.Nd1
Bd4 29.Nc3 Bxc3 30.Bxc3 Na4 31.Bb4 Rb5 32.Ba3 Nc3+ 33.Ka1 Ra5 34.Re1 b5 35.Re5
Nd5 36.Bc5 Ra4 37.Re4 Ra6 38.c3 f6 39.Rd4 Kf7 40.a3 g6 41.Ka2 gxh5 42.gxh5 f5
43.Kb3 Kf6 44.f4 Ra4 45.Rxa4 bxa4+ 46.Kxa4 Nxf4 47.Bxa7 Nd3 48.Kb3 e5 49.a4
Ke6 50.Kc2 e4 51.a5 Kd7 52.a6 Kc8 53.b4 f4 54.b5 {#r} 1-0

[Event "33rd ChessOrg Open"]
[Site "masterchessopen.com Bad Woerishofen GER"]
[Date "2017.03.14"]
[Round "5.3"]
[White "Naumkin,I"]
[Black "Dittmar,P"]
[Result "1-0"]
[WhiteElo "2416"]
[BlackElo "2286"]

1.d4 d5 2.c4 e6 3.Nf3 Nf6 4.Nc3 c5 5.cxd5 Nxd5 6.e4 Nxc3 7.bxc3 cxd4 8.cxd4
Bb4+ 9.Bd2 Bxd2+ 10.Qxd2 O-O 11.Bc4 b6 12.O-O Bb7 13.Rfe1 Nd7 14.Rad1 Rc8
15.Bb3 Qe7 16.Qf4 Qf6 17.Qe3 Rfd8 18.h3 h6 19.Nh2 Qe7 20.Nf1 Qb4 21.Ng3 Rc3
22.Qf4 Qe7 23.d5 e5 24.Qd2 Rc5 25.Nf5 Qg5 26.Re3 Nf6 27.Qb2 Nxe4 28.Qxe5 Rcc8
29.Ne7+ Kf8 30.Qxe4 {#r} 1-0

[Event "33rd ChessOrg Open"]
[Site "masterchessopen.com Bad Woerishofen GER"]
[Date "2017.03.14"]
[Round "5.4"]
[White "Hess,Max"]
[Black "Melamed,T"]
[Result "0-1"]
[WhiteElo "2251"]
[BlackElo "2327"]

1.d4 Nf6 2.Bf4 g6 3.Nc3 c5 4.d5 d6 5.e4 Bg7 6.Nf3 O-O 7.h3 b5 8.Nd2 b4 9.Na4
Qd7 10.c3 e6 11.dxe6 fxe6 12.Bg3 Nh5 13.Bh4 Bb7 14.Bc4 Nc6 15.O-O Ne5 16.Bb3
Ba6 17.Re1 Bh6 18.cxb4 cxb4 19.Nf1 Nf4 20.Ne3 Bb5 21.a3 Rae8 22.axb4 Nxh3+
23.Kh2 Nxf2 24.Bxf2 Rxf2 25.Nc3 Nf3+ 26.Qxf3 Rxf3 27.gxf3 Bxe3 28.Rxe3 Qf7
29.Kg2 Qf4 30.Nd1 h5 31.Rxa7 h4 32.Rc3 Qg3+ 33.Kh1 h3 34.Ne3 Qxf3+ 35.Kh2 Qf2+
36.Kxh3 Bf1+ 37.Kg4 Qg1+ 38.Kh4 Qh2+ 39.Kg5 Qe5+ 40.Kxg6 Qxe4+ 41.Kg5 Qe5+
42.Kg6 Rf8 43.Nxf1 Qf5+ 44.Kh6 Rf6# 0-1

[Event "33rd ChessOrg Open"]
[Site "masterchessopen.com Bad Woerishofen GER"]
[Date "2017.03.14"]
[Round "5.16"]
[White "Bartels,Ho"]
[Black "Eichler,C"]
[Result "0-1"]
[WhiteElo "2087"]
[BlackElo "2290"]

1.e4 c5 2.Nf3 Nc6 3.d4 cxd4 4.Nxd4 g6 5.c4 Nf6 6.Nc3 Nxd4 7.Qxd4 d6 8.Bg5 Bg7
9.Be2 O-O 10.Qd2 Be6 11.Rc1 Qa5 12.O-O Rfc8 13.b3 a6 14.a4 b5 15.axb5 axb5
16.Nxb5 Qxd2 17.Bxd2 Ra2 18.Rfd1 Nxe4 19.Bd3 Nxd2 20.Rc2 Rxc2 21.Bxc2 Bh6
22.Nd4 d5 {#R} 0-1

[Event "33rd ChessOrg Open"]
[Site "masterchessopen.com Bad Woerishofen GER"]
[Date "2017.03.14"]
[Round "5.17"]
[White "Schelle,A"]
[Black "Astengo,C"]
[Result "1-0"]
[WhiteElo "2231"]
[BlackElo "2082"]

1.e4 e6 2.d4 d5 3.e5 c5 4.c3 Qb6 5.Nf3 Bd7 6.a3 Bb5 7.b4 cxd4 8.Bxb5+ Qxb5
9.cxd4 a5 10.Nc3 Qc6 11.Bd2 axb4 12.axb4 Rxa1 13.Qxa1 Qa6 14.Qa4+ Qxa4 15.Nxa4
b5 16.Nc3 Bxb4 17.Nxb5 Bxd2+ 18.Kxd2 Nh6 19.Nd6+ Ke7 20.Rc1 f6 21.Nc8+ Ke8
22.Nb6 Rf8 23.Rc7 Nf7 24.Ke3 fxe5 25.Nxe5 Nxe5 26.dxe5 Rg8 27.f4 Na6 28.Ra7
Nb4 29.Nc8 d4+ 30.Ke4 Rf8 31.Nd6+ Kd8 32.Rxg7 d3 33.Nc4 Kc8 34.Rxh7 Rd8 35.Nd2
Nc2 36.Re7 Rd4+ 37.Kf3 Ra4 38.g4 Kd8 39.Rh7 Ra1 40.Ke4 Nb4 41.Rh8+ Ke7 42.Nf3
Ra2 43.f5 Re2+ 44.Kd4 Nd5 45.f6+ Kf7 46.Ng5+ Kg6 47.Rg8+ Kh6 48.Nf7+ Kh7
49.Rg7# 1-0

[Event "33rd ChessOrg Open"]
[Site "masterchessopen.com Bad Woerishofen GER"]
[Date "2017.03.14"]
[Round "5.19"]
[White "De Francesco,K"]
[Black "Fleischer,Andy"]
[Result "1-0"]
[WhiteElo "2227"]
[BlackElo "2087"]

1.d4 d5 2.c4 e6 3.Nf3 c5 4.e3 Nc6 5.a3 Nf6 6.dxc5 Bxc5 7.b4 Bd6 8.Bb2 O-O
9.Nbd2 Ng4 10.h3 Nge5 11.Be2 a6 12.Rc1 Nxc4 13.Nxc4 dxc4 14.Bxc4 Ne7 15.O-O b5
16.Bd3 Ng6 17.Be4 Rb8 18.Bxg6 hxg6 19.Qd4 Be7 {#r} 1-0

[Event "33rd ChessOrg Open"]
[Site "masterchessopen.com Bad Woerishofen GER"]
[Date "2017.03.14"]
[Round "5.23"]
[White "Budzyn,M"]
[Black "Prueske,W"]
[Result "0-1"]
[WhiteElo "2134"]
[BlackElo "2055"]

1.e4 c6 2.d4 d5 3.e5 Bf5 4.Nf3 e6 5.Be2 Nd7 6.O-O f6 7.c4 fxe5 8.dxe5 Bc5
9.cxd5 cxd5 10.Nc3 a6 11.Nd4 Bxd4 12.Qxd4 Ne7 13.Bg5 Qb6 14.Qxb6 Nxb6 15.Rad1
Nc6 16.Rfe1 O-O 17.Be3 Nd7 18.f4 Rac8 19.Bf3 Ne7 20.g4 Bg6 21.Bg2 Bf7 22.h4 h5
23.g5 Bg6 24.Kh2 Rc4 25.Rd4 Rxd4 26.Bxd4 Rxf4 27.Ne2 Rxh4+ 28.Kg1 Rg4 29.Bf2
Be4 30.Bg3 Bxg2 31.Kxg2 Rxg5 32.Kh3 Nf5 33.Bh2 Rg4 34.Nf4 Kf7 35.Rc1 g5 36.Ng2
Rc4 37.Rxc4 dxc4 38.Ne1 Nd4 39.Bg1 Nc6 40.Be3 Kg6 41.Kg3 Ndxe5 42.Nc2 Kf5
43.Bd2 h4+ 44.Kg2 g4 45.b3 cxb3 46.axb3 Ke4 47.Ne1 Nf3 {#R} 0-1

[Event "3rd UT-RGV IM Inv. 2017"]
[Site "masterchessopen.com Brownsville USA"]
[Date "2017.03.14"]
[Round "2.2"]
[White "Vazquez,Guillermo"]
[Black "Serna,Jeffrey M"]
[Result "1-0"]
[WhiteElo "2436"]
[BlackElo "2022"]

1.d4 Nf6 2.c4 e6 3.Nc3 Bb4 4.Qc2 O-O 5.a3 Bxc3+ 6.Qxc3 b6 7.Bg5 h6 8.Bh4 Bb7
9.e3 d5 10.Nf3 Nbd7 11.cxd5 Bxd5 12.Be2 Bb7 13.O-O Rc8 14.b4 c5 15.dxc5 bxc5
16.Rfd1 cxb4 17.Qxb4 Qb6 18.Rd6 Rc6 19.Rxc6 Bxc6 20.Nd4 Bd5 21.Qe1 Rc8 22.a4
e5 23.Nb5 Rc5 24.Bf1 Bc4 25.Rd1 Bxf1 26.Qxf1 a6 27.Nd6 Rd5 28.Nf5 Qe6 29.Ne7+
Qxe7 30.Rxd5 g5 31.Rd1 gxh4 32.Qxa6 h3 33.a5 Qb4 34.Qa8+ Kg7 35.a6 e4 36.a7
Qa5 37.Qb8 Nxb8 38.axb8=Q Qh5 39.Qg3+ Kh7 40.Rd6 Ng4 41.Qf4 f5 42.gxh3 {#r}
1-0

[Event "3rd UT-RGV IM Inv. 2017"]
[Site "masterchessopen.com Brownsville USA"]
[Date "2017.03.14"]
[Round "2.5"]
[White "Haessel,D"]
[Black "Ruiz C,J"]
[Result "0-1"]
[WhiteElo "2142"]
[BlackElo "2343"]

1.d4 Nf6 2.c4 e6 3.Nc3 Bb4 4.e3 O-O 5.Ne2 d5 6.a3 Be7 7.cxd5 exd5 8.b4 c6
9.Ng3 Re8 10.Bd2 Nbd7 11.Bd3 a5 12.Na4 axb4 13.axb4 b6 14.Rc1 Bb7 15.O-O Bd6
16.Qb3 g6 17.Nc3 h5 18.Qb1 Kg7 19.e4 h4 20.e5 hxg3 21.exd6 gxh2+ 22.Kh1 Nh5
23.Ne2 Qf6 24.b5 c5 25.Bc3 c4 26.Bxc4 dxc4 27.d5 Re5 28.f4 Rxe2 29.Bxf6+ Ndxf6
30.Rfe1 Ng3+ 31.Kxh2 Nfe4 32.Qxe4 Rxe4 33.Kxg3 Rxe1 34.Rxe1 Rd8 {#R} 0-1

[Event "69th ch-MNE 2017"]
[Site "masterchessopen.com Bar MNE"]
[Date "2017.03.14"]
[Round "4.1"]
[White "Kalezic,B"]
[Black "Kontic,D"]
[Result "1-0"]
[WhiteElo "2465"]
[BlackElo "2324"]

1.e4 c5 2.Nf3 e6 3.d4 cxd4 4.Nxd4 Nc6 5.Nc3 a6 6.Be2 Qc7 7.O-O Nf6 8.Kh1 h5
9.f4 Nxd4 10.Qxd4 Bc5 11.Qd3 Ng4 12.Nd1 b6 13.Ne3 Bxe3 14.Bxe3 Bb7 15.Bd4 Rh6
16.Rae1 b5 17.Bxg4 hxg4 18.Bxg7 Rg6 19.Be5 Qc6 20.Qd2 f5 21.exf5 Rh6 22.Kg1
Rh3 23.fxe6 O-O-O 24.f5 dxe6 25.Qf2 Rf8 26.Re2 Rxf5 27.Qa7 Rxe5 28.Rf8+ Kd7
29.Qd4+ Qd5 30.Qxe5 Rh5 31.Rf7+ Ke8 32.Qg7 Qc5+ 33.Ref2 {#r} 1-0

[Event "69th ch-MNE 2017"]
[Site "masterchessopen.com Bar MNE"]
[Date "2017.03.14"]
[Round "4.2"]
[White "Petijevic,V"]
[Black "Nikcevic,N"]
[Result "0-1"]
[WhiteElo "2303"]
[BlackElo "2429"]

1.e4 e5 2.Nf3 Nc6 3.Nc3 Nf6 4.d4 Bb4 5.d5 Ne7 6.Nxe5 Nxe4 7.Qd4 Bxc3+ 8.bxc3
Nd6 9.Bf4 Ndf5 10.Qd2 O-O 11.Be2 d6 12.Nf3 Ng6 13.O-O h6 14.c4 Qf6 15.c5 Re8
16.Rae1 Bd7 17.cxd6 cxd6 18.h3 Nfh4 19.Bg3 Rxe2 20.Qxe2 Nxf3+ 21.Qxf3 Qxf3
22.gxf3 Bxh3 23.Bxd6 Bxf1 24.Kxf1 Rd8 25.Bc5 b6 26.Bd4 Rxd5 27.Re8+ Kh7 28.c3
Ra5 29.Kg2 Nh4+ 30.Kg3 Nf5+ 31.Kf4 g5+ 32.Kg4 Nxd4 33.cxd4 Ra4 34.Re7 Rxd4+
35.Kg3 Ra4 36.Rxf7+ Kg6 37.Rc7 Rxa2 38.Rc6+ Kf5 39.Rxh6 b5 40.Rh8 b4 41.Rb8 a5
42.Rb5+ Ke6 43.Kg4 Kd6 44.Kxg5 Kc6 45.Rb8 Rxf2 46.f4 Kc5 47.f5 a4 48.f6 a3
49.Ra8 a2 50.Kg6 Kc4 51.f7 Kb3 52.Ra5 {#R} 0-1

[Event "69th ch-MNE 2017"]
[Site "masterchessopen.com Bar MNE"]
[Date "2017.03.14"]
[Round "4.6"]
[White "Pecurica,M"]
[Black "Sukovic,Andrej"]
[Result "1-0"]
[WhiteElo "2236"]
[BlackElo "2199"]

1.d4 Nf6 2.c4 g6 3.f3 Bg7 4.e4 d6 5.Be3 O-O 6.Ne2 a6 7.Qd2 Nbd7 8.Nec3 c5 9.d5
Ne8 10.a4 a5 11.Na3 e5 12.dxe6 fxe6 13.O-O-O Qe7 14.Nab5 Ra6 15.f4 Nb8 16.h4
Bd7 17.g4 Nc6 18.e5 Nd4 19.Nxd4 cxd4 20.Bxd4 dxe5 21.Bxe5 Bc6 22.Rh3 Bxe5
23.fxe5 Qc5 24.Qe3 Qxe3+ 25.Rxe3 Ra8 26.Be2 Nc7 27.Rd6 Kf7 28.Bf3 Ne8 29.Rd4
Ke7 30.Bxc6 bxc6 31.Red3 Ra7 32.Ne4 Rf1+ 33.Kc2 Rh1 34.Nc5 Ng7 35.g5 Re1
36.Rd7+ Rxd7 37.Rxd7+ Kf8 38.Rc7 Rh1 39.Nd7+ Kg8 40.Nf6+ Kf8 41.Nxh7+ Kg8
42.Nf6+ Kf8 43.Rxc6 Rxh4 44.Rc8+ Kf7 45.Rc7+ Kf8 46.Kc3 Nf5 47.c5 Rxa4 48.c6
Nd4 49.Rc8+ Kf7 50.b3 Nb5+ 51.Kb2 Rh4 52.Rb8 Rh2+ 53.Kc1 Rh1+ 54.Kd2 Rh2+
55.Ke1 Rh1+ 56.Kf2 Rh2+ 57.Kg1 Rc2 58.Rxb5 Rxc6 59.Rxa5 Rc3 60.Ra7+ {#r} 1-0

[Event "7th HD Bank Cup 2017"]
[Site "masterchessopen.com Ho Chi Minh City VIE"]
[Date "2017.03.15"]
[Round "6.2"]
[White "Le Quang Liem"]
[Black "Goganov,A"]
[Result "1-0"]
[WhiteElo "2712"]
[BlackElo "2621"]

1.d4 Nf6 2.c4 e6 3.Nc3 d5 4.cxd5 exd5 5.Bg5 c6 6.e3 Be7 7.Bd3 Nbd7 8.Nge2 Nf8
9.O-O Ne6 10.Bh4 O-O 11.a3 a5 12.f3 b6 13.Kh1 g6 14.Rc1 Bb7 15.Bb1 Ba6 16.Bf2
c5 17.Re1 Bc4 18.Bd3 cxd4 19.Nxd4 Nxd4 20.exd4 Rc8 21.Bxc4 Rxc4 22.Qb3 Rc6
23.Na4 Rxc1 24.Rxc1 Qd7 25.Nxb6 Rb8 26.Bg3 Rb7 27.Nxd7 Rxb3 28.Rc8+ Kg7 29.Be5
Rxb2 30.g4 Rb7 31.Nc5 Rb1+ 32.Kg2 g5 33.Rc6 {#r} 1-0

[Event "7th HD Bank Cup 2017"]
[Site "masterchessopen.com Ho Chi Minh City VIE"]
[Date "2017.03.15"]
[Round "6.3"]
[White "Rozum,I"]
[Black "Bu Xiangzhi"]
[Result "0-1"]
[WhiteElo "2600"]
[BlackElo "2711"]

1.d4 d5 2.c4 c6 3.Nf3 Nf6 4.e3 Bf5 5.Nc3 e6 6.Nh4 Bg6 7.Be2 Nbd7 8.O-O dxc4
9.Bxc4 Bh5 10.Be2 Bxe2 11.Qxe2 c5 12.Rd1 cxd4 13.exd4 Nb6 14.d5 Nfxd5 15.Nf5
Qd7 16.Nxd5 Nxd5 17.Bg5 h6 18.Bh4 g5 19.Bg3 Be7 20.Ne3 O-O 21.Qh5 Kg7 22.Qf3
Rad8 23.Rac1 Rc8 24.Rc3 Rfd8 25.Rcd3 Qc6 26.Be5+ Nf6 27.Qxc6 bxc6 28.Rd7 Kf8
29.Rxa7 Rxd1+ 30.Nxd1 Rd8 31.Nc3 Ne4 32.Kf1 Nxf2 33.Rxe7 Kxe7 34.Kxf2 f6
35.Bc7 Rd2+ 36.Ne2 Rxb2 37.a4 Kd7 38.Ba5 Ra2 39.Bc3 e5 40.a5 h5 41.Ke3 Kd6
42.Bb4+ c5 43.Nc3 Rxg2 44.a6 Kc6 45.a7 Kb7 46.Bxc5 f5 47.Nb5 Ra2 48.Nd6+ Kc6
49.Bb4 f4+ 50.Ke4 Rxa7 51.Kxe5 Re7+ 52.Kf6 f3 53.Nf5 Re4 54.Bd2 f2 55.Ng3 Rg4
56.Nf1 Rg1 {#R} 0-1

[Event "7th HD Bank Cup 2017"]
[Site "masterchessopen.com Ho Chi Minh City VIE"]
[Date "2017.03.15"]
[Round "6.5"]
[White "Iturrizaga,E"]
[Black "Gomez,Joh"]
[Result "1-0"]
[WhiteElo "2673"]
[BlackElo "2481"]

1.d4 Nf6 2.Bf4 c5 3.e3 cxd4 4.exd4 d5 5.c3 Nc6 6.Nd2 Bf5 7.Qb3 Qc8 8.Ngf3 e6
9.Nh4 Bg6 10.Nxg6 hxg6 11.Bd3 Be7 12.O-O O-O 13.Rae1 a6 14.Qd1 b5 15.a3 Na5
16.Nf3 Nc4 17.Qe2 Ra7 18.Ne5 Nd6 19.g4 Nfe4 20.f3 Nf6 21.h4 a5 22.h5 gxh5
23.Qh2 g6 24.Nxg6 fxg6 25.Bxd6 hxg4 26.Be5 g3 27.Qh6 Bd8 28.Bd6 Rff7 29.Bxg6
Rg7 30.Kg2 Rxg6 31.Qf8+ {#r} 1-0

[Event "7th HD Bank Cup 2017"]
[Site "masterchessopen.com Ho Chi Minh City VIE"]
[Date "2017.03.15"]
[Round "6.6"]
[White "Zhou Jianchao"]
[Black "Nguyen,Anh Khoi"]
[Result "0-1"]
[WhiteElo "2619"]
[BlackElo "2459"]

1.c4 g6 2.e4 Bg7 3.d4 d6 4.Nc3 Nf6 5.Nf3 O-O 6.Be2 e5 7.Be3 Na6 8.O-O Ng4
9.Bg5 Qe8 10.Nd5 f6 11.Bh4 c6 12.Nc3 h5 13.Bg3 Nh6 14.d5 c5 15.Nh4 f5 16.exf5
Nxf5 17.Ne4 Nxh4 18.Bxh4 Rf4 19.Qb1 Bf5 20.Nxd6 Bxb1 21.Nxe8 Rxe8 22.Bg5 Rf5
23.h4 Bc2 24.Rac1 Ba4 25.g4 hxg4 26.Bxg4 Bd7 27.Bxf5 Bxf5 28.a3 e4 29.Rcd1 b6
30.Rd2 Nb8 31.Re1 Nd7 32.Bf4 Ne5 33.Bxe5 Bxe5 34.Kg2 Bd4 35.Red1 Kf7 36.Rxd4
cxd4 37.Rxd4 Kf6 38.d6 Ke5 39.Rd5+ Ke6 40.Kg3 Rd8 41.Kf4 Rxd6 42.Rxd6+ Kxd6
43.h5 Ke6 44.hxg6 Bxg6 45.b4 Kd7 46.Ke5 Kc6 47.Kd4 a6 48.a4 a5 49.bxa5 bxa5
50.Ke3 Kc5 51.f3 exf3 52.Kxf3 Kxc4 53.Ke3 Kc3 54.Ke2 Bc2 {#R} 0-1

[Event "7th HD Bank Cup 2017"]
[Site "masterchessopen.com Ho Chi Minh City VIE"]
[Date "2017.03.15"]
[Round "6.9"]
[White "Xu,Yinglun"]
[Black "Nouri,H"]
[Result "1-0"]
[WhiteElo "2540"]
[BlackElo "2344"]

1.d4 Nf6 2.c4 g6 3.Nc3 Bg7 4.e4 d6 5.Be2 O-O 6.Nf3 e5 7.O-O Nc6 8.d5 Ne7 9.Bg5
Nh5 10.Bd3 h6 11.Bd2 Nf4 12.Bc2 g5 13.Ne2 Bg4 14.Ng3 Qd7 15.h3 Bxh3 16.Ne1 f5
17.gxh3 Nxh3+ 18.Kh2 fxe4 19.Qe2 Ng6 20.Bxe4 Nhf4 21.Bxf4 Nxf4 22.Qc2 Qg4
23.Ng2 Qh3+ 24.Kg1 h5 25.Rfe1 h4 26.Nf1 Qd7 27.f3 Nh3+ 28.Kh2 g4 29.Nxh4 Bh6
30.Bf5 Qe7 31.Be6+ {#r} 1-0

[Event "7th HD Bank Cup 2017"]
[Site "masterchessopen.com Ho Chi Minh City VIE"]
[Date "2017.03.15"]
[Round "6.10"]
[White "Shyam,SM"]
[Black "Saduakassova,D"]
[Result "0-1"]
[WhiteElo "2536"]
[BlackElo "2428"]

1.e4 e5 2.Nf3 Nc6 3.Bb5 a6 4.Ba4 Nf6 5.Qe2 b5 6.Bb3 Bc5 7.a4 b4 8.Bxf7+ Kxf7
9.Qc4+ d5 10.Qxc5 Bb7 11.d3 Qd6 12.Qxd6 cxd6 13.exd5 Nxd5 14.Nbd2 Na5 15.Nc4
Nxc4 16.dxc4 Nf6 17.Bd2 Bxf3 18.gxf3 Rhc8 19.Bxb4 Rxc4 20.c3 Ke6 21.O-O-O Nd5
22.b3 Rc6 23.Kb2 a5 24.Ba3 Nxc3 25.Rd3 Rac8 26.Re1 g5 27.Ka1 Rb6 28.Ree3 Nd5
29.Re4 Rc2 30.Rg4 Nc3 31.Bb2 Rxb3 32.Rxc3 Rcxc3 33.Bxc3 Rxc3 34.Rxg5 Rxf3
35.Rh5 Rxf2 36.Rxh7 e4 37.Kb1 Ke5 38.Kc1 Kd4 39.Rh5 d5 40.h4 Rh2 41.Kd1 e3
42.Ke1 Ke4 43.Rh8 d4 {#R} 0-1

[Event "7th HD Bank Cup 2017"]
[Site "masterchessopen.com Ho Chi Minh City VIE"]
[Date "2017.03.15"]
[Round "6.12"]
[White "Ali,Muhammad Lutfi"]
[Black "Tran Tuan Minh"]
[Result "0-1"]
[WhiteElo "2416"]
[BlackElo "2503"]

1.e4 c5 2.Nf3 d6 3.d4 cxd4 4.Nxd4 Nf6 5.Nc3 a6 6.Be3 e5 7.Nb3 Be6 8.f3 Be7
9.Qd2 Nbd7 10.g4 h6 11.O-O-O b5 12.Kb1 Nb6 13.Qf2 Nfd7 14.h4 Rc8 15.Nd5 Bxd5
16.exd5 Nc4 17.Bc1 Qb6 18.Qe1 Rc7 19.Rh3 O-O 20.Bd3 a5 21.Bxc4 bxc4 22.Nxa5
Nb8 23.Qc3 Qb5 24.Be3 Bd8 25.Rhh1 Rc8 26.Nb3 Na6 27.a3 Rb8 28.Nd2 Ba5 29.a4
Bxc3 30.axb5 Rxb5 31.Nxc4 Rc8 32.Kc1 Rxc4 33.bxc3 Rxc3 34.Kd2 Rc8 35.c3 Rb2+
36.Kd3 Rb3 37.Bd2 Nb4+ 38.Ke2 Nxd5 39.Be1 Rb2+ 40.Rd2 Nxc3+ 41.Kf2 Rcb8 42.Ke3
Rxd2 43.Bxd2 Rb3 44.Kf2 d5 45.Ra1 d4 46.Ra8+ Kh7 47.Ra7 f6 48.Rd7 Rb2 49.Ke1
Rb3 50.Kf2 Kg6 51.Bc1 Na4 52.Bd2 Rb2 53.Ke2 Nc5 {#R} 0-1

[Event "7th HD Bank Cup 2017"]
[Site "masterchessopen.com Ho Chi Minh City VIE"]
[Date "2017.03.15"]
[Round "6.14"]
[White "Lu Shanglei"]
[Black "Liu Guanchu"]
[Result "1-0"]
[WhiteElo "2624"]
[BlackElo "2441"]

1.e4 e6 2.d4 d5 3.Nd2 Nf6 4.e5 Nfd7 5.c3 c5 6.f4 Nc6 7.Ndf3 Qb6 8.g3 cxd4
9.cxd4 f6 10.Bd3 g6 11.Ne2 Be7 12.exf6 Nxf6 13.O-O O-O 14.Kg2 Bd7 15.a3 Rac8
16.b4 a6 17.Ne5 Nxe5 18.dxe5 Ng4 19.Rf3 Bc6 20.h3 Nh6 21.Be3 d4 22.Nxd4 Bxf3+
23.Qxf3 Nf7 24.Qe4 a5 25.h4 axb4 26.h5 Nh8 27.hxg6 Nxg6 28.axb4 Rf7 29.Kh2
Qxb4 30.Rb1 Qa3 31.Kh3 Bc5 32.Nb5 Qa8 33.Bc4 Qa4 34.Bxc5 Rxc5 35.Nd6 Rxc4
36.Nxc4 b5 37.Nd6 Qxe4 38.Nxe4 Rb7 39.Nd6 Rb8 40.Rxb5 Rxb5 41.Nxb5 h5 42.Nd4
Kf7 43.Nf3 Ke7 44.Nh4 {#r} 1-0

[Event "7th HD Bank Cup 2017"]
[Site "masterchessopen.com Ho Chi Minh City VIE"]
[Date "2017.03.15"]
[Round "6.15"]
[White "Bogdanovich,S"]
[Black "Nguyen Huynh Minh Huy"]
[Result "1-0"]
[WhiteElo "2602"]
[BlackElo "2428"]

1.Nf3 d5 2.c4 c6 3.b3 Nf6 4.Bb2 Bf5 5.g3 h6 6.Bg2 e6 7.O-O Be7 8.d3 O-O 9.Nbd2
Bh7 10.Rc1 a5 11.a3 Na6 12.Rc2 Nd7 13.Qa1 Bf6 14.Rb1 Bxb2 15.Qxb2 Qe7 16.b4
dxc4 17.Nxc4 axb4 18.axb4 Nc7 19.Na5 Nd5 20.Nd2 Rfb8 21.Ndc4 Bg6 22.Qc1 Qf8
23.Rcb2 N7b6 24.b5 Na4 25.bxc6 Nxb2 26.cxb7 Na4 27.bxa8=R Rxa8 28.Bxd5 exd5
29.Ne5 Bf5 30.Nac6 Qd6 31.Rb7 Be6 32.Qa1 f6 33.Ng6 Bd7 34.Nd4 Kh7 35.Nf4 Ra6
36.Qb1 Nc5 37.Rb8 g5 38.Ng2 Qe5 39.e3 Ne6 40.Rb7 Nc5 41.Rb4 Qc7 42.Ne1 Qa7
43.Nec2 Kg6 44.Kf1 Ra2 45.Rb6 Bh3+ 46.Ke2 Na4 47.Rc6 Bd7 48.Qb3 Bxc6 49.Nxc6
Nc5 50.Qc3 Na4 51.Qb3 Nc5 52.Qb1 Qa8 53.Nb4 Ra7 54.Qb2 Ne6 55.Qb3 Rd7 56.Kf1
Qb7 57.Qa2 Kg7 58.Qa5 Kg6 59.Kg1 Kg7 60.Kg2 Kg6 61.d4 Nc7 62.Nd3 Qa6 63.Qd2
Ne6 64.Nc5 Nxc5 65.dxc5 d4 66.Nxd4 Qc4 67.Qa5 Qd5+ 68.Kf1 Qc4+ 69.Kg2 Qd5+
70.f3 Rb7 71.Qa3 g4 72.c6 gxf3+ 73.Kf2 Rc7 74.Qd3+ f5 75.g4 Rf7 76.gxf5+ Kf6
77.Qa6 Qd6 78.Kxf3 Rg7 79.Qa2 Rg1 80.Qc4 Qxh2 81.Qe6+ Kg7 82.Ke4 Rg4+ 83.Kd5
Qa2+ 84.Kd6 Qa3+ 85.Kd7 Kh8 86.Qxh6+ {#r} 1-0

[Event "7th HD Bank Cup 2017"]
[Site "masterchessopen.com Ho Chi Minh City VIE"]
[Date "2017.03.15"]
[Round "6.17"]
[White "Pham Chuong"]
[Black "Lei Tingjie"]
[Result "0-1"]
[WhiteElo "2377"]
[BlackElo "2480"]

1.d4 Nf6 2.c4 g6 3.Nc3 d5 4.Nf3 Bg7 5.cxd5 Nxd5 6.e4 Nxc3 7.bxc3 c5 8.Rb1 O-O
9.Be2 Nc6 10.d5 Ne5 11.Nxe5 Bxe5 12.O-O Bxc3 13.Bc4 Qc7 14.f4 a6 15.a4 Bd4+
16.Kh1 Bd7 17.Bd2 Rab8 18.a5 b5 19.axb6 Rxb6 20.Qe2 Rxb1 21.Rxb1 a5 22.Ba6 a4
23.Rb7 Qd6 24.h3 Bc8 25.e5 Qxd5 26.Rxe7 Bxa6 27.Qxa6 Qa2 28.Qd3 Qa1+ 29.Kh2
Bf2 {#R} 0-1

[Event "7th HD Bank Cup 2017"]
[Site "masterchessopen.com Ho Chi Minh City VIE"]
[Date "2017.03.15"]
[Round "6.19"]
[White "Garcia,Jan"]
[Black "Diu,V"]
[Result "0-1"]
[WhiteElo "2444"]
[BlackElo "2421"]

1.c4 e6 2.Nc3 d5 3.d4 c6 4.Nf3 Nf6 5.Bg5 h6 6.Bxf6 Qxf6 7.e3 Nd7 8.Rc1 Bd6
9.Bd3 O-O 10.O-O Qe7 11.c5 Bc7 12.e4 dxe4 13.Nxe4 e5 14.Nd6 exd4 15.Re1 Qd8
16.Bf5 Bxd6 17.cxd6 Qf6 18.Bxd7 Bxd7 19.Rc4 Be6 20.Rxd4 Bd5 21.Re7 b6 22.Ne5
Rad8 23.Qe1 Rxd6 24.Nd7 Rxd7 {#R} 0-1

[Event "7th HD Bank Cup 2017"]
[Site "masterchessopen.com Ho Chi Minh City VIE"]
[Date "2017.03.15"]
[Round "6.20"]
[White "Le Huu Thai"]
[Black "Xu,Yi"]
[Result "0-1"]
[WhiteElo "2167"]
[BlackElo "2444"]

1.d4 Nf6 2.Nf3 d5 3.c4 e6 4.Nc3 Bb4 5.Bg5 h6 6.Bxf6 Qxf6 7.cxd5 exd5 8.a3
Bxc3+ 9.bxc3 O-O 10.e3 c5 11.Be2 Nc6 12.O-O c4 13.Nd2 Bf5 14.f3 Qg6 15.Rf2 b5
16.e4 dxe4 17.fxe4 Bxe4 18.Bh5 Qh7 19.a4 b4 20.Nxe4 Qxe4 21.Bf3 Qg6 22.Qb1 Qd6
23.Bxc6 Qxc6 24.Qxb4 Rab8 25.Qa5 Rb7 26.Re2 Rfb8 27.Qe5 Rb3 28.h3 Rd8 29.Re3
g6 30.Qf4 g5 31.Qf2 Rdb8 32.Rf1 R8b7 33.Rf3 Rb1 34.Rf6 Qxa4 35.Rd6 Rxf1+
36.Qxf1 Rb6 37.Rd8+ Kg7 38.Qf5 Qd1+ 39.Kh2 Qd2 40.Qe5+ Rf6 41.Rc8 Qd3 42.Qe8
Kg6 43.Qg8+ Kh5 44.Qg7 Qf1 45.Rh8 Qf4+ 46.Kg1 Kh4 47.Qf8 Kg3 48.Qb8 Rd6 49.d5
{#R} 0-1

[Event "7th HD Bank Cup 2017"]
[Site "masterchessopen.com Ho Chi Minh City VIE"]
[Date "2017.03.15"]
[Round "6.21"]
[White "Liu,Xiangyi"]
[Black "Hoang Thi Bao Tram"]
[Result "1-0"]
[WhiteElo "2443"]
[BlackElo "2340"]

1.e4 c6 2.d4 d5 3.Nc3 dxe4 4.Nxe4 Nd7 5.Bc4 e6 6.Ne2 Ngf6 7.N4g3 Nb6 8.Bb3 Bd6
9.Nf4 O-O 10.Nfh5 Nxh5 11.Nxh5 e5 12.Be3 Nd5 13.O-O Be6 14.Bxd5 cxd5 15.dxe5
Bxe5 16.f4 Bxb2 17.f5 Bc8 18.Rb1 Be5 19.Rb5 Qe8 20.Rxd5 Bxh2+ 21.Kxh2 Qxe3
22.Rf3 Qh6 23.Rh3 Kh8 24.Qd4 f6 25.Nf4 {#r} 1-0

[Event "7th HD Bank Cup 2017"]
[Site "masterchessopen.com Ho Chi Minh City VIE"]
[Date "2017.03.15"]
[Round "6.24"]
[White "Hesham,A"]
[Black "Laylo,D"]
[Result "1-0"]
[WhiteElo "2336"]
[BlackElo "2445"]

1.d4 d5 2.c4 c6 3.Nf3 Nf6 4.e3 g6 5.Nc3 Bg7 6.Be2 O-O 7.O-O a6 8.cxd5 cxd5
9.Ne5 b5 10.Qb3 Qd6 11.Bd2 Nbd7 12.Nd3 Rb8 13.Rfc1 Nb6 14.Be1 Nc4 15.Qd1 Bf5
16.b3 Bxd3 17.Qxd3 Nb6 18.a4 b4 19.Na2 Nbd7 20.Qxa6 Rb6 21.Qa7 e5 22.Bb5 exd4
23.Bxb4 Qe6 24.Bxf8 Nxf8 25.exd4 Ng4 26.Rd1 Qf6 27.Rf1 Qh4 28.h3 Bxd4 29.hxg4
Be5 30.g3 Bxg3 31.Qxf7+ {#r} 1-0

[Event "7th HD Bank Cup 2017"]
[Site "masterchessopen.com Ho Chi Minh City VIE"]
[Date "2017.03.15"]
[Round "6.26"]
[White "Kathmale,S"]
[Black "Xiang,Zeyu"]
[Result "1-0"]
[WhiteElo "2323"]
[BlackElo "2411"]

1.e4 c5 2.Nf3 e6 3.d4 cxd4 4.Nxd4 Nc6 5.Nc3 Qc7 6.f4 b6 7.Nxc6 dxc6 8.Bd3 Bc5
9.Qf3 Bb7 10.Bd2 e5 11.O-O-O Nf6 12.g4 h6 13.Bc4 Bd6 14.g5 hxg5 15.fxg5 Nh5
16.g6 fxg6 17.Qg4 Qe7 18.Bg5 Nf6 19.Bxf6 gxf6 20.Rxd6 {#r} 1-0

[Event "7th HD Bank Cup 2017"]
[Site "masterchessopen.com Ho Chi Minh City VIE"]
[Date "2017.03.15"]
[Round "6.28"]
[White "Reyes,Narquingden"]
[Black "Vignesh,N R"]
[Result "0-1"]
[WhiteElo "2318"]
[BlackElo "2405"]

1.Nf3 Nf6 2.g3 d5 3.c4 c6 4.Bg2 Bg4 5.cxd5 Bxf3 6.Bxf3 cxd5 7.Qb3 Qd7 8.Nc3 e6
9.d3 Nc6 10.Bg2 Be7 11.O-O O-O 12.e4 dxe4 13.dxe4 Rfd8 14.Be3 Na5 15.Qc2 Ng4
16.Bf4 Nc6 17.Rad1 Nd4 18.Qd3 Bf6 19.h3 Ne5 20.Bxe5 Bxe5 21.f4 Bc7 22.e5 Bb6
23.Kh2 Qe7 24.Ne4 Nf5 25.Qb3 h6 26.Rfe1 Rac8 27.Rxd8+ Rxd8 28.Rc1 h5 29.a4 g6
30.Qb5 Kg7 31.a5 Rd5 32.Qb3 Rxa5 33.Rc8 Rd5 34.Nf6 Rd8 35.Qc3 Bf2 36.g4 Bg3+
37.Kg1 Nd4 38.Kh1 Bxf4 39.gxh5 Ne2 40.Qc2 Ng3+ 41.Kg1 Bxe5 42.h6+ Kxf6 43.Be4
Rxc8 44.Qxc8 Nxe4 45.h7 Kf5 46.Kf1 Qh4 {#R} 0-1